Boroughs of Tyne and Wear on a Map - Statistics

General Stats
  • This quiz has been taken 149 times
  • The average score is 4 of 5
Answers on the Map
Answers color-coded by a green-red scale on the quiz's map according to % correct below.
 
Answer Stats
Population Borough % Correct
303 k Newcastle upon Tyne
96%
278 k Sunderland
94%
120 k Gateshead
81%
208 k North Tyneside
69%
148 k South Tyneside
68%
No matching quizzes found
Score Distribution
Percent of People with Each Score
Percentile by Number Answered
Your Score History
You have not taken this quiz